KOHA-Header-6

Gripping IFRS (Record no. 12695)

000 -LEADER
fixed length control field 00225nam a22001097a 4500
082 ## - DEWEY DECIMAL CLASSIFICATION NUMBER
Classification number 650
100 ## - MAIN ENTRY--AUTHOR NAME
Personal name Cathrynne Service
245 ## - TITLE STATEMENT
Title Gripping IFRS
250 ## - EDITION STATEMENT
Edition statement 2020 Edition
260 ## - PUBLICATION, DISTRIBUTION, ETC. (IMPRINT)
Place of publication SA
Name of publisher Lexis Nexis
Year of publication 2020
942 ## - ADDED ENTRY ELEMENTS (KOHA)
Koha item type Books
Holdings
Withdrawn status Lost status Collection code Permanent Location Current Location Shelving location Date acquired Full call number Accession Number Koha item type
      MAJU MAJU   2020-11-11 650 9855 Accounting

Powered by Koha